| 000 | 00361nam a2200133Ia 4500 | ||
|---|---|---|---|
| 008 | 240624s9999 xx 000 0 und d | ||
| 041 | _aeng | ||
| 082 | _a382.92 SHA | ||
| 100 | _aBROWN SHAFII SUSAN | ||
| 245 | _aPROMOTING GOOD GOVERNANCE DEVELOPMENT AN | ||
| 260 |
_c2011 _aNew Delhi _bPan Macmillan |
||
| 300 | _axiv, : 251 : p. : cm. ; 22 | ||
| 365 |
_cBPS _b38 |
||
| 999 |
_c28356 _d28356 |
||